<?xml version="1.0" encoding="UTF-8"?>
<record
    xmlns:xsi="http://www.w3.org/2001/XMLSchema-instance"
    xsi:schemaLocation="http://www.loc.gov/MARC21/slim http://www.loc.gov/standards/marcxml/schema/MARC21slim.xsd"
    xmlns="http://www.loc.gov/MARC21/slim">

  <leader>01684nam0a2200325   4500</leader>
  <controlfield tag="001">RU\NLR\b_ik\129925</controlfield>
  <controlfield tag="005">20260407114359.0</controlfield>
  <datafield tag="035" ind1=" " ind2=" ">
    <subfield code="a">(NLR Aleph) 002203300</subfield>
  </datafield>
  <datafield tag="090" ind1=" " ind2=" ">
    <subfield code="a">3069770</subfield>
    <subfield code="c">3069770</subfield>
  </datafield>
  <datafield tag="100" ind1=" " ind2=" ">
    <subfield code="a">20050608d2004    |||y0rusy50      ca</subfield>
  </datafield>
  <datafield tag="101" ind1="0" ind2=" ">
    <subfield code="a">eng</subfield>
    <subfield code="a">spa</subfield>
  </datafield>
  <datafield tag="102" ind1=" " ind2=" ">
    <subfield code="a">RU</subfield>
  </datafield>
  <datafield tag="105" ind1=" " ind2=" ">
    <subfield code="a">ac  |||||||||</subfield>
  </datafield>
  <datafield tag="200" ind1="1" ind2=" ">
    <subfield code="a">World library and information congress</subfield>
    <subfield code="d">Congreso mundial sobre bibliotecas e informaci&#xF3;n</subfield>
    <subfield code="e">conference programme</subfield>
    <subfield code="f">70th IFLA General conf. a. council, Buenos Aires, 2004, August 22-27</subfield>
    <subfield code="z">spa</subfield>
  </datafield>
  <datafield tag="210" ind1=" " ind2=" ">
    <subfield code="a">S.l.</subfield>
    <subfield code="c">s.n.</subfield>
    <subfield code="d">[2004]</subfield>
  </datafield>
  <datafield tag="215" ind1=" " ind2=" ">
    <subfield code="a">110 &#x441;.</subfield>
    <subfield code="c">&#x438;&#x43B;., &#x446;&#x432;. &#x438;&#x43B;., &#x43F;&#x43E;&#x440;&#x442;&#x440;.</subfield>
    <subfield code="d">30</subfield>
  </datafield>
  <datafield tag="300" ind1=" " ind2=" ">
    <subfield code="a">&#x422;&#x435;&#x43A;&#x441;&#x442; &#x43D;&#x430; &#x430;&#x43D;&#x433;&#x43B;. &#x438; &#x438;&#x441;&#x43F;. &#x44F;&#x437;.</subfield>
  </datafield>
  <datafield tag="320" ind1=" " ind2=" ">
    <subfield code="a">&#x423;&#x43A;&#x430;&#x437;.: &#x441;. 57-63</subfield>
  </datafield>
  <datafield tag="510" ind1="1" ind2=" ">
    <subfield code="a">Congreso mundial sobre bibliotecas e informaci&#xF3;n</subfield>
    <subfield code="z">spa</subfield>
  </datafield>
  <datafield tag="541" ind1="0" ind2=" ">
    <subfield code="a">&#x41C;&#x435;&#x436;&#x434;&#x443;&#x43D;&#x430;&#x440;&#x43E;&#x434;&#x43D;&#x430;&#x44F; &#x444;&#x435;&#x434;&#x435;&#x440;&#x430;&#x446;&#x438;&#x44F; &#x431;&#x438;&#x431;&#x43B;&#x438;&#x43E;&#x442;&#x435;&#x447;&#x43D;&#x44B;&#x445; &#x430;&#x441;&#x441;&#x43E;&#x446;&#x438;&#x430;&#x446;&#x438;&#x439;.&#x413;&#x435;&#x43D;&#x435;&#x440;&#x430;&#x43B;&#x44C;&#x43D;&#x430;&#x44F; &#x43A;&#x43E;&#x43D;&#x444;&#x435;&#x440;&#x435;&#x43D;&#x446;&#x438;&#x44F;</subfield>
    <subfield code="z">rus</subfield>
  </datafield>
  <datafield tag="601" ind1="0" ind2="2">
    <subfield code="a">&#x41C;&#x435;&#x436;&#x434;&#x443;&#x43D;&#x430;&#x440;&#x43E;&#x434;&#x43D;&#x430;&#x44F; &#x444;&#x435;&#x434;&#x435;&#x440;&#x430;&#x446;&#x438;&#x44F; &#x431;&#x438;&#x431;&#x43B;&#x438;&#x43E;&#x442;&#x435;&#x447;&#x43D;&#x44B;&#x445; &#x430;&#x441;&#x441;&#x43E;&#x446;&#x438;&#x430;&#x446;&#x438;&#x439; &#x438; &#x443;&#x447;&#x440;&#x435;&#x436;&#x434;&#x435;&#x43D;&#x438;&#x439;</subfield>
    <subfield code="j">&#x421;&#x44A;&#x435;&#x437;&#x434;&#x44B;, &#x441;&#x43E;&#x432;&#x435;&#x449;&#x430;&#x43D;&#x438;&#x44F; &#x438; &#x442;.&#x43F;.</subfield>
    <subfield code="9">2621817</subfield>
    <subfield code="3">RU\NLR\AUTH\661558377</subfield>
  </datafield>
  <datafield tag="686" ind1="4" ind2=" ">
    <subfield code="a">&#x427;734(0)&#x43B;51</subfield>
  </datafield>
  <datafield tag="711" ind1="0" ind2="2">
    <subfield code="4">070</subfield>
    <subfield code="8">eng</subfield>
    <subfield code="a">International federation of library associations and institutions</subfield>
    <subfield code="b">General conference</subfield>
    <subfield code="d">70</subfield>
    <subfield code="f">2004</subfield>
    <subfield code="e">Buenos Aires</subfield>
    <subfield code="7">ba</subfield>
    <subfield code="3">RU\NLR\AUTH\8810066160</subfield>
    <subfield code="9">633944</subfield>
  </datafield>
  <datafield tag="711" ind1="0" ind2="2">
    <subfield code="4">070</subfield>
    <subfield code="8">spa</subfield>
    <subfield code="a">Federaci&#xF3;n internacional de asociaci&#xF3;nes de bibliotec&#xE1;rios e instituci&#xF3;nes</subfield>
    <subfield code="b">Conferencia general</subfield>
    <subfield code="d">70</subfield>
    <subfield code="f">2004</subfield>
    <subfield code="e">Buenos Aires</subfield>
    <subfield code="7">ba</subfield>
    <subfield code="3">RU\NLR\AUTH\8810066381</subfield>
    <subfield code="9">634382</subfield>
  </datafield>
  <datafield tag="801" ind1=" " ind2="0">
    <subfield code="a">RU</subfield>
    <subfield code="b">NLR</subfield>
    <subfield code="c">20050608</subfield>
    <subfield code="g">PSBO</subfield>
  </datafield>
  <datafield tag="942" ind1=" " ind2=" ">
    <subfield code="c">BOOK</subfield>
  </datafield>
  <datafield tag="980" ind1=" " ind2=" ">
    <subfield code="a">NB</subfield>
  </datafield>
  <datafield tag="995" ind1=" " ind2=" ">
    <subfield code="5">2005-06-08</subfield>
    <subfield code="a">af</subfield>
    <subfield code="b">NLR02</subfield>
    <subfield code="c">NLR02</subfield>
    <subfield code="e">FB03</subfield>
    <subfield code="f">1039676</subfield>
    <subfield code="k">&#x411;&#x438; 1675/W-924</subfield>
    <subfield code="o">0</subfield>
    <subfield code="p">100.00</subfield>
    <subfield code="r">BOOK</subfield>
    <subfield code="s">_1675W924</subfield>
    <subfield code="u"> ;  </subfield>
  </datafield>
</record>
